000 00589nam a2200181Ia 4500
008 151018s9999 xx 000 0 und d
082 _bRBASDV823
_a891.464
100 _aमं वा भट
245 _aआमची प्राचीन स्थिती
250 _b1
260 _bआर्यभूषण प्रेस
_c1891
300 _a14
600 _aमं वा भट
630 _aआमची प्राचीन स्थिती
700 _aमं वा भट
730 _aआमची प्राचीन स्थिती
942 _cBOOK
999 _c1003292
_d1003289